Ekonomika podniku

Bibliographic Details
Main Authors: Drábek, Josef, 1959- (Author), Potkány, Marek, 1977- (Author)
Format: Book
Language:Slovak
PhysicalDescription:136 s. grafy, sch., tab. 25 cm
Published: Vo Zvolene Technická univerzita 2008
ISBN:9788022818506
Edition:2. nezm. vyd.
Subjects:

MARC

LEADER 00000nam a2200000 a 4500
001 vtls009284635
003 SK-MaSNL
005 20260302043159.0
008 240318s2008 xo dl d p 000 0 slo
015 |a SNBA2008/08-03463 
020 |a 9788022818506  |q (brož.) 
035 |a CC080906-4B0A-4EAC-9221-E783574FEDBE 
035 |a urn:nbn:sk:snk-aml9gg 
035 |a urn:nbn:sk:snk-am008rks 
040 |a SNK  |b slo  |c SNK  |e AACR2 
041 0 |a slo 
044 |a xo  |c SK 
072 7 |a 658  |x Riadenie a správa podniku  |2 konspekt 
072 7 |a 37.016  |x Učebné osnovy. Vyučovacie predmety. Učebnice  |2 konspekt 
080 |a 658  |2 2001 
080 |a (075.8)  |2 2001 
100 1 |a Drábek, Josef,  |d 1959-  |4 aut  |9 205303 
245 1 0 |a Ekonomika podniku  |c Josef Drábek, Marek Potkány 
250 |a 2. nezm. vyd. 
260 |a Vo Zvolene  |b Technická univerzita  |c 2008 
300 |a 136 s.  |b grafy, sch., tab.  |c 25 cm 
366 |e 300 výt. 
504 |a Glosár 
650 0 7 |a podniková ekonomika  |2 SNKPH  |9 3955 
655 7 |a učebnice vysokých škôl  |2 SNKPH  |9 70191 
700 1 |a Potkány, Marek,  |d 1977-  |4 aut  |9 23496 
752 |a Slovensko  |d Zvolen 
919 |a 978-80-228-1850-6 
958 |a OND 
968 |d 65 
999 |c 1085683  |d 1087613 
952 |a SNK  |b SNK  |y PREZ  |7 0  |p 17A0584933  |o snkSC 131558  |i snk2008/8372  |8 0  |0 0  |1 0  |4 0  |d 2008-04-11  |f 1  |l 0  |r 2025-06-23 00:00:00  |w 2026-02-24 
952 |a SNK  |b SNK  |y VYP  |7 0  |p 17A0584935  |o snkSC 131558 D1  |i snk2008/8373  |8 0  |0 0  |1 0  |4 0  |d 2008-04-11  |l 0  |r 2026-02-24 16:39:45  |w 2026-02-24